| 000 | 01088nac a22002291u 4500 | ||
|---|---|---|---|
| 010 | _a2003053083 | ||
| 020 | _a052183046X | ||
| 082 | 0 | 0 |
_a006.37 _bS6751 |
| 090 |
_c954 _d954 |
||
| 100 | _aSnyder, Wesley E. | ||
| 245 | 1 | 0 |
_aMachine vision / _cWesley E. Snyder, Hairong Qi. |
| 260 |
_aCambridge, UK ; _aNew York : _bCambridge University Press, _cc2004. |
||
| 300 |
_axviii, 434 p. : _bill. ; _c26 cm. + _e1 CD-ROM (4 3/4 in.) |
||
| 504 | _aIncludes bibliographical references and indexes. | ||
| 650 | 0 | _aComputer vision. | |
| 700 | 1 |
_aQi, Hairong, _d1970- |
|
| 856 | 4 | 2 |
_3Publisher description _uhttp://www.loc.gov/catdir/description/cam032/2003053083.html |
| 856 | 4 | 2 |
_3Table of contents _uhttp://www.loc.gov/catdir/toc/cam032/2003053083.html |
| 942 |
_cBB _k006.37S6751 |
||
| 999 |
_c954 _d954 |
||